| 000 | 00351nam a2200145Ia 4500 | ||
|---|---|---|---|
| 008 | 230312s9999||||xx |||||||||||||| ||und|| | ||
| 082 |
_a620.1 _bBAN-S |
||
| 100 | _aBansal, R. K. | ||
| 245 | 0 | _aSolid and Fluid Mechanics | |
| 260 |
_bLaxmi Publications (P) Ltd _aIndia _c2006 |
||
| 300 | _a810 | ||
| 546 | _aEng. | ||
| 650 | _aEngineering | ||
| 942 | _cBK | ||
| 999 |
_c6135 _d6135 |
||